Top 5 Songs On Wake Up Call (Yeat) - Statistics

General Stats
  • This quiz has been taken 9 times
  • The average score is 4 of 5
Answer Stats
Hint Answer % Correct
371,687 Admit It
100%
654,868 Stay Up
88%
240,799 This Is It
75%
242,491 Alright
63%
217,001 Celine
63%
No matching quizzes found
Score Distribution
Percent of People with Each Score
Percentile by Number Answered
Your Score History
You have not taken this quiz